Molecular Biology of the Cell (Record no. 1726354)

MARC details
000 -LEADER
fixed length control field 00331 a2200133 4500
000 - LEADER
fixed length control field nam a22 7a 4500
005 - DATE AND TIME OF LATEST TRANSACTION
control field 20260323111135.0
020 ## - INTERNATIONAL STANDARD BOOK NUMBER
International Standard Book Number 9780393884852
100 ## - MAIN ENTRY--PERSONAL NAME
Personal name Bruce Alberts
9 (RLIN) 1137547
245 ## - TITLE STATEMENT
Title Molecular Biology of the Cell
250 ## - EDITION STATEMENT
Edition statement 7th
260 ## - PUBLICATION, DISTRIBUTION, ETC.
Name of publisher, distributor, etc. W. W. Norton & Company Ltd
Date of publication, distribution, etc. 2022
942 ## - ADDED ENTRY ELEMENTS (KOHA)
Koha item type Textual
Holdings
Withdrawn status Lost status Source of classification or shelving scheme Damaged status Not for loan Home library Current library Date acquired Source of acquisition Total Checkouts Date last seen Price effective from Koha item type
    Colon Classification (CC)   Ordered South Campus Library South Campus Library 2026-03-23 N R Book Distributors   2026-03-23 2026-03-23 Textual
Copyright @ Delhi University Library System